လင်ႇၵႃႇပိတ်းပွတ်းၵႂၢမ်းဢိတ်းဢွတ်း / (Record no. 26506)

000 -LEADER
fixed length control field 00977nam a22002417a 4500
003 - CONTROL NUMBER IDENTIFIER
control field OSt
005 - DATE AND TIME OF LATEST TRANSACTION
control field 20260122192544.0
008 - FIXED-LENGTH DATA ELEMENTS--GENERAL INFORMATION
fixed length control field 230628b ||||| |||| 00| 0 eng d
040 ## - CATALOGING SOURCE
Transcribing agency SSBUL
041 ## - LANGUAGE CODE
Language code of text/sound track or separate title Shan
082 ## - DEWEY DECIMAL CLASSIFICATION NUMBER
Classification number 495.9191
100 ## - MAIN ENTRY--PERSONAL NAME
Personal name လွၼ်ႉပၢႆး (သီႇပေႃႉ)
245 ## - TITLE STATEMENT
Title လင်ႇၵႃႇပိတ်းပွတ်းၵႂၢမ်းဢိတ်းဢွတ်း /
Statement of responsibility, etc. လွၼ်ႉပၢႆး (သီႇပေႃႉ)
260 ## - PUBLICATION, DISTRIBUTION, ETC.
Place of publication, distribution, etc. တႃႈၵုင်ႈ
Date of publication, distribution, etc. 2018
300 ## - PHYSICAL DESCRIPTION
Extent iv၊ 144 ၼႃႈ
Dimensions 20 ၸိၼ်ႇထီႇ
500 ## - GENERAL NOTE
General note S-SAT: Dr. Prof Sai Aung Tun
General note ပပ်ႉၸဝ်ႈတႃႇၼႁင်းၶေႃတွၵ်ႉတိူဝ်ႇၸၢႆးဢွင်ႇထုၼ်းလူႇတၢၼ်းဝႆႉမၢႆ 2467၊ 2468 လႄႈ 2475
650 ## - SUBJECT ADDED ENTRY--TOPICAL TERM
Topical term or geographic name entry element လင်ႇၵႃႇတႆး
942 ## - ADDED ENTRY ELEMENTS (KOHA)
Koha item type Book (Short term)
100 ## - MAIN ENTRY--PERSONAL NAME
9 (RLIN) 26982
650 ## - SUBJECT ADDED ENTRY--TOPICAL TERM
9 (RLIN) 24247
Source of classification or shelving scheme
Source of classification or shelving scheme
Source of classification or shelving scheme
Holdings
Withdrawn status Lost status Source of classification or shelving scheme Damaged status Not for loan Collection Code Permanent Location Current Location Shelving location Date acquired Total Checkouts Full call number Barcode Date last seen Copy number Price effective from Koha item type Accession Date last checked out
          Special Collections Shan State Buddhist University Library Shan State Buddhist University Library Special Collection Shelves 28/06/2023   495.9191 လွၼ်ႉ ႒႔႖႗(1) S-SAT SH00002467 28/06/2023 1 28/06/2023 Book (Short term) ႒႔႖႗(1) S-SAT  
          Special Collections Shan State Buddhist University Library Shan State Buddhist University Library Special Collection Shelves 28/06/2023 1 495.9191 လွၼ်ႉ ႒႔႖႘(2) S-SAT SH00002468 26/07/2024 2 28/06/2023 Book (Short term) ႒႔႖႘(2) S-SAT 23/07/2024
          Special Collections Shan State Buddhist University Library Shan State Buddhist University Library Special Collection Shelves 28/06/2023   495.9191 လွၼ်ႉ ႒႔႗႕(3) S-SAT SH00002475 28/06/2023 3 28/06/2023 Book (Short term) ႒႔႗႕(3) S-SAT  
          Tai Collection Shan State Buddhist University Library Shan State Buddhist University Library Tai Shelves 29/06/2023   495.9191 လွၼ်ႉ ႑႑႐႐(1) SH00001100 29/06/2023 1 29/06/2023 Books (Long term) ႑႑႐႐(1)  
          Tai Collection Shan State Buddhist University Library Shan State Buddhist University Library Tai Shelves 29/06/2023 1 495.9191 လွၼ်ႉ ႑႑႒႔(2) SH00001124 16/06/2025 2 29/06/2023 Books (Long term) ႑႑႒႔(2) 05/06/2025
          Tai Collection Shan State Buddhist University Library Shan State Buddhist University Library Tai Shelves 29/06/2023   495.9191 လွၼ်ႉ ႑႑႓႒(3) SH00001132 29/06/2023 3 29/06/2023 Books (Long term) ႑႑႓႒(3)  
          Tai Collection Shan State Buddhist University Library Shan State Buddhist University Library Tai Shelves 29/06/2023   495.9191 လွၼ်ႉ ႑႑႔႘(4) SH00001148 29/06/2023 4 29/06/2023 Books (Long term) ႑႑႔႘(4)  
          Tai Collection Shan State Buddhist University Library Shan State Buddhist University Library Tai Shelves 29/06/2023   495.9191 လွၼ်ႉ ႑႑႔႙(5) SH00001149 29/06/2023 5 29/06/2023 Books (Long term) ႑႑႔႙(5)  
          Tai Collection Shan State Buddhist University Library Shan State Buddhist University Library Tai Shelves 29/06/2023   495.9191 လွၼ်ႉ ႑႑႕႐(6) SH00001150 29/06/2023 6 29/06/2023 Books (Long term) ႑႑႕႐(6)  
          Tai Collection Shan State Buddhist University Library Shan State Buddhist University Library Tai Shelves 29/06/2023   495.9191 လွၼ်ႉ ႑႑႗႘(7) SH00001178 29/06/2023 7 29/06/2023 Books (Long term) ႑႑႗႘(7)  
          Tai Collection Shan State Buddhist University Library Shan State Buddhist University Library Tai Shelves 29/06/2023 1 495.9191 လွၼ်ႉ ႑႑႗႘(8) SH00001179 04/06/2025 8 29/06/2023 Books (Long term) ႑႑႗႘(8) 30/05/2025

Library - 09407999929
Admin Office - 09407999979
Dean Office - 09250910768
Registrar Office - 09892297154
Email - [email protected]
Shan State Buddhist University, Phaya Phyu Taunggyi, Shan State, Myanmar.